000 00292nam a22001337a 4500
020 _a978-1-84646-867-4
082 _a823
_bSTI/S
100 _aSTIM, JOANSON
245 _aSTORIES FOR 2 YEARS OLD
260 _aUK
_bLADYBIRD
300 _a29
650 _aENGLISH SHORT STORY
_zUK
942 _cBK
999 _c4484
_d4484